| 000 | 01081nam0a22002531 4500 | ||
|---|---|---|---|
| 001 | rc\930972 | ||
| 005 | 20041129095430.6 | ||
| 035 | _a(NLR Aleph) 006104157 | ||
| 090 |
_a5290330 _c5290330 |
||
| 100 | _a20041129d1982 u |0rusy50 ca | ||
| 101 | 0 | _arus | |
| 102 | _aRU | ||
| 105 | _aa ||||||||| | ||
| 200 | 1 |
_aСоздание и внедрение автоматизированных систем управления энергетическими установками _eСб. науч. тр. _fПод ред. к. т. н. Г.Д. Меда |
|
| 210 |
_aЛ. _cНПО ЦКТИ _d1982 |
||
| 215 |
_a145 с., 1 л. схем. _cил. _d26 |
||
| 225 | 1 |
_aТруды ЦКТИ _fНауч.-произв. об-ние по исслед. и проектированию энерг. оборуд. им. И.И. Ползунова _vВып. 193 |
|
| 320 | _aБиблиогр. в конце статей | ||
| 702 | 1 |
_aМед _bГ. Д. _gГригорий Дмитриевич _4340 |
|
| 801 | 0 |
_aRU _bNLR _gpsbo |
|
| 801 | 1 |
_aRU _bELAR _2rusmarc |
|
| 852 |
_aNLR _jП10/630 |
||
| 942 | _cBOOK | ||
| 980 | _aNB | ||